Alle Stadtteile und statistischen Bezirke der Stadt Erlangen - Statistiken

Allgemein
  • Dieses Quiz wurde 31 mal gespielt
  • Das Durchschnittsergebnis liegt bei 8 aus 40
Antwortstatistiken
Hint Antwort % Korrekt
11 Alterlangen
88%
52 Tennenlohe
71%
50 Eltersdorf
63%
61 Frauenaurach
58%
22 Sieglitzhof
50%
40 Anger
42%
01 Altstadt
38%
20 Burgberg
38%
30 Röthelheim
38%
62 Kriegenbrunn
29%
63 Hüttendorf
25%
32 Sebaldus
25%
70 Kosbach
21%
77 Büchenbach Nord
17%
78 Büchenbach West
17%
73 Häusling
17%
02 Markgrafenstadt
17%
24 Buckenhofer Siedlung
13%
81 Dechsendorf Ost
13%
80 Dechsendorf West
13%
82 Mönau
13%
60 Neuses
13%
33 Röthelheimpark
13%
74 Steudach
13%
04 Tal
13%
44 Bachfeld
8%
45 Bierlach
8%
76 Büchenbach Dorf
8%
41 Rathenau
8%
42 Schönfeld
8%
25 Stubenloh
8%
43 Forschungszentrum
4%
10 Heiligenloh
4%
71 In der Reuth
4%
75 Industriehafen
4%
23 Loewenich
4%
03 Rathausplatz
4%
51 St. Egidien
4%
21 Meilwald
0%
12 Steinforst
0%
Keine übereinstimmenden Quizze gefunden
Verteilung der Resultate
Anzahl Personen mit jedem Resultat
Perzentil nach korrekt beantworteten Fragen
Ihre Resultats-Entwicklung
Sie haben dieses Quiz noch nicht gespielt